000 00683nam a2200241 a 4500
005 20170601180315.0
008 140221b1995 ck ||||| |||| 00| 0 spa d
020 _a9589607101
040 _aCO-BoIAVH
_cCO-BoIAVH
041 _aspa
044 _ack
082 _a584.39
_bD49h
100 1 _aDevia Alvarez, Wilson
245 1 _aHeliconias del Valle de Cauca
260 _aCali :
_bINCIVA,
_c1995.
300 _a129 paginas :
_bilustraciones a color ;
_c19 x 12 cm.
650 6 _aVegetación
650 6 _aHeliconias
650 6 _aDescripción de la especie
650 6 _aHábitat
662 _aColombia
_bValle del Cauca
942 _cLIBRO
_2ddc
999 _c555
_d555